Catálogo

Vista normal Vista MARC

Entrada Personal Name

Número de registros utilizados en: 1

001 - CONTROL NUMBER

  • control field: 16754

003 - CONTROL NUMBER IDENTIFIER

  • control field: DLC

005 - DATE AND TIME OF LATEST TRANSACTION

  • control field: 20250217102739.0

008 - FIXED-LENGTH DATA ELEMENTS

  • fixed length control field: 170125n| azannaabn |n aaa c

010 ## - LIBRARY OF CONGRESS CONTROL NUMBER

  • LC control number: no2017010173

035 ## - SYSTEM CONTROL NUMBER

  • System control number: (OCoLC)oca10689114

040 ## - CATALOGING SOURCE

  • Original cataloging agency: OU
  • Language of cataloging: spa
  • Description conventions: rda
  • Transcribing agency: Mx-PuUPA
  • Modifying agency: DLC
  • Modifying agency: Mx-PuUPA

046 ## - SPECIAL CODED DATES

  • Birth date: 1987

100 1# - HEADING--PERSONAL NAME

  • Personal name: López, Cristian,
  • Dates associated with a name: 1987-

374 ## - OCCUPATION

  • Occupation: Autor

375 ## - GENDER

  • Gender: hombre
  • Source of term: lcdgt

377 ## - ASSOCIATED LANGUAGE

  • Language code: eng

670 ## - SOURCE DATA FOUND

  • Source citation: What is quantum information?, 2017:
  • Information found: ECIP title page (Cristian López, Universidad de Buenos Aires, Argentina)

670 ## - SOURCE DATA FOUND

  • Source citation: Grupo de Filosofía de la Ciencia, Facultad de Ciencias Exactas y Naturales, Universidad de Buenos Aires WWW site, viewed January 25, 2017
  • Information found: Curriculum vitae April 2015 (Cristian Ariel López 2014- Doctoral Student in Philosophy (Ph. D.) at University of Buenos Aires; Area of study: Philosophy of time, philosophy and ontology of quantum mechanics, foundations of physics)

670 ## - SOURCE DATA FOUND

  • Source citation: Quantum worlds, perspectives on the ontology of quantum mechanics, 2019:
  • Information found: ECIP t.p. (Cristian López; Universidad de Buenos Aires, Argentina) data view (b. 10/04/1987)